Countries Beginning With F,I,J,I - Statistics

General Stats
  • This quiz has been taken 116 times
  • The average score is 18 of 22
Answer Stats
Answer % Correct
Fiji
92%
France
89%
Jamaica
89%
India
86%
India
86%
Finland
85%
Iceland
85%
Iceland
85%
Indonesia
83%
Indonesia
83%
Jordan
83%
Iran
81%
Iran
81%
Japan
81%
Iraq
80%
Iraq
80%
Ireland
79%
Ireland
79%
Italy
74%
Italy
74%
Israel
73%
Israel
73%
No matching quizzes found
Score Distribution
Percent of People with Each Score
Percentile by Number Answered
Your Score History
You have not taken this quiz